00646nam a22001695i 450000100060000000300090000600500170001500700030003200800410003504000130007610000420008924501730013125000120030426001120031630000270042885200210045552962ES-MaACL20230906162657.0t|940301s1871 sp ||||1| spa d aAS bspa1 aDomingo de Morató, Domingo Ramón.10aEstudios de ampliación de la historia de los códigos españoles y de sus instituciones sociales, civiles y políticas / cpor Domingo Ramón Domingo de Morató. a2ª ed. aValladolid : b[s.n.], c1871 (fImprenta y Librería Nacional y Estranjera [sic] de Hijos de Rodríguez) aVII, 376 p. ; c23 cm. aES-MaACLjF-1822